000 00325pab a2200145 454500
008 180718b2005 xxu||||| |||| 00| 0 eng d
100 _aAbdul Kalam, A.P.J.
245 _aIntegrated water mission
260 _c2005
300 _ap.2-5.
362 _aJun
650 _aWater resources
773 _aYojana
909 _a65653
999 _c65653
_d65653